Propagación del olivo /

Guardado en:
Autor Principal: Raña, Eduardo S.
Formato: Libro
Publicado: Buenos Aires : L. J. Rosso, 1933
Materias:
Etiquetas: Agregar Etiqueta
Sin Etiquetas, Sea el primero en etiquetar este registro!
LEADER 00528nam a22001935a 4500
001 CEM.cems016094
005 20090928174144.0
008 130507s1933##################000#0#####d
003 CEMS
082 0 4 |a 634.6 
100 1 |a Raña, Eduardo S. 
245 1 0 |a Propagación del olivo /  |c Eduardo S. Raña 
260 |a Buenos Aires :  |b L. J. Rosso,  |c 1933 
300 |a 30 p. 
653 |a Agricultura 
653 |a Cultivos 
653 |a Olivicultura 
653 |a Olivo-cultivo 
859 |a CEMS  |b BIB. CEMS - Agricultura  |h 634.6  |i R179  |p A12782.83  |t Ej.1